Top 10 Biggest Shirt Sponsorship Deals in Football in 21/22 Season - Statistics

General Stats
  • This quiz has been taken 164 times
  • The average score is 8 of 10
Answer Stats
Club Principal Shirt Sponsor Total Value (€) % Correct
Arsenal Emirates 224m
97%
Manchester United TeamViewer 274m
94%
Juventus Jeep 135m
92%
Liverpool Standard Chartered 183m
92%
Tottenham Hotspur AIA Group 313m
91%
Bayern Munich Deutsche Telekom 315m
90%
Real Madrid Emirates 420m
89%
Chelsea Three 142m
88%
VfL Wolfsburg Volkswagen 320m
81%
Olympique Lyonnais Emirates 110m
22%
No matching quizzes found
Score Distribution
Percent of People with Each Score
Percentile by Number Answered
Your Score History
You have not taken this quiz